[Event "URS-ch45 First League"]
[Site "Baku"]
[Date "1977.??.??"]
[Round "4"]
[White "Vaganian, Rafael A"]
[Black "Tseshkovsky, Vitaly"]
[Result "0-1"]
[WhiteElo "2545"]
[BlackElo "2590"]
[Annotator "Moiseev,V"]
[PlyCount "102"]
[EventDate "1977.??.??"]
[EventType "tourn"]
[EventRounds "17"]
[EventCountry "URS"]
[EventCategory "10"]
[SourceTitle "MCL"]
[Source "ChessBase"]
[SourceDate "1999.07.01"]
[SourceVersion "1"]
[SourceVersionDate "1999.07.01"]
[SourceQuality "1"]

1. Nf3 Nf6 2. c4 c5 3. Nc3 d5 4. cxd5 Nxd5 5. g3 Nc6 6. Bg2 Nc7 7. Qa4 Bd7 (
7... Qd7 8. O-O g6 9. d3 {N} (9. Qc4 b6 10. b4 $1 Bg7 (10... cxb4 11. Ng5 Ne5
12. Qxb4 $16) 11. bxc5 b5 12. Qe4 $1 {N} b4 13. Ng5 Bb7 (13... bxc3 14. Qxc6
cxd2 15. Bxd2 Bxa1 16. Rxa1 Rb8 17. Bf4 $18) 14. Rb1 h6 15. Rxb4 $3 Nxb4 16.
Qxb7 hxg5 17. Qxb4 Rc8 18. c6 Qe6 $2 (18... Qd4) 19. d4 Qg4 20. Rd1 f5 21. h3
$16 {Mikhalchishin,A-Chekhov,V/URS/1977/1:0/27/}) 9... Bg7 10. Nd2 Nd4 11.
Qxd7+ Kxd7 12. Nb3 Nce6 13. Nxd4 cxd4 14. Nb5 a6 15. Na3 Rb8 16. Nc4 b6 {
Andersson,U-Timman,J/Reykjavik/1991/0,5/25/}) 8. Qe4 g6 9. Ne5 Bg7 10. Nxd7
Qxd7 11. Qa4 $6 (11. a3) (11. O-O) 11... O-O (11... Ne6 12. d3 Rc8 13. Be3 Ned4
14. Rc1 O-O 15. O-O Rfd8 16. Bxd4 Bxd4 17. Rfd1 b6 18. e3 Bxc3 {Nogueiras,
J-Korchnoi,V/Luzern(ol)/1993/0,5/ (18)}) 12. Bxc6 $6 (12. d3 Ne6 13. Bxc6 bxc6
14. Bd2 $6 (14. O-O $10) 14... Rfb8 15. Rb1 a5 16. Qd1 Bxc3 17. Bxc3 Qd5 $1 $17
{Csom,I-Vadasz,L/Budapest/1977/0:1/78/}) 12... bxc6 13. d3 Nb5 $1 14. Bd2 Rfb8
15. Rc1 (15. O-O Nxc3 (15... c4 $1 16. Qxc4 Nd6 17. Qa4 Rxb2 18. Qd1 Qe6 $17 (
18... Nc4 19. Be1)) 16. Bxc3 Bxc3 17. bxc3 Rb2 $15) 15... Nxc3 16. bxc3 (16.
Bxc3 Bxc3+ 17. bxc3 Rb2) 16... Rb2 17. Rc2 Rxc2 18. Qxc2 Qh3 $17 19. Be3 Qg2
20. Rf1 Rb8 $1 21. h4 (21. Bxc5 $2 Bxc3+ $1 22. Qxc3 Rb1+ $19) 21... h5 22. Qc1
(22. Bd2 $142 $17) 22... c4 $1 23. Kd2 Qd5 24. Qc2 (24. Qa3 cxd3 25. exd3 Rd8
26. d4 c5 $19) 24... Qa5 $1 {/\ 25...Bc3.} 25. Rb1 (25. d4 c5 26. dxc5 Bxc3+
27. Qxc3 Rb2+ $19) 25... Bxc3+ $19 26. Kd1 Rxb1+ 27. Qxb1 cxd3 28. exd3 a6 29.
Qb8+ Kg7 30. Qb3 Bf6 31. a4 Qc3 $1 32. Qxc3 Bxc3 33. Kc2 Bb4 34. Kb3 Bd6 35.
Kc4 Kf6 36. Bc5 Bc7 37. Be3 Bd6 38. Bc5 Bc7 39. Be3 Ke6 40. Kc5 Kd7 41. Bg5 Ba5
42. Bf4 f6 43. d4 Bc3 44. d5 (44. Kb6 Bxd4+ 45. Kxa6 Bxf2 46. Kb7 e5 $19) 44...
cxd5 45. Kxd5 Bb4 46. Bh6 e6+ 47. Ke4 Bc5 48. f4 (48. Kf3 Kc6 {/\ Kc6-d5})
48... Ke7 49. Kf3 Kf7 50. g4 hxg4+ 51. Kxg4 Be7 (51... Be7 52. Kg3 Kg8 $19) (
51... Be7 52. h5 f5+ $19) 0-1

[Event "URS-ch47 First League"]
[Site "Frunze"]
[Date "1979.10.??"]
[Round "13"]
[White "Lerner, Konstantin Z"]
[Black "Sideif Sade, Fikret Israfil O"]
[Result "1-0"]
[WhiteElo "2475"]
[BlackElo "2320"]
[Annotator "Moiseev,V"]
[PlyCount "43"]
[EventDate "1979.10.??"]
[EventType "tourn"]
[EventRounds "17"]
[EventCountry "URS"]
[EventCategory "9"]
[SourceTitle "MCL"]
[Source "ChessBase"]
[SourceDate "1999.07.01"]
[SourceVersion "1"]
[SourceVersionDate "1999.07.01"]
[SourceQuality "1"]

1. c4 Nf6 2. Nc3 c5 3. Nf3 d5 4. cxd5 Nxd5 5. e3 Nxc3 6. bxc3 g6 7. h4 {N} (7.
Bc4 Bg7 8. Ng5 O-O 9. Qf3 $2 e6 $15 {Ruderfer,M-Polugaevsky,L/URS/1975/0:1/25/}
) (7. Bb5+ Nd7 8. a4 Bg7 9. d4 O-O 10. O-O Qc7 11. Ba3 b6 12. e4 Nf6 13. Re1
Rd8 14. Bd3 Bb7 15. Qd2 e6 16. h3 Rac8 $10 {Kortschnoj,V-Kamsky,G/Tilburg/1991/
1/2-1/2/53}) (7. d4) 7... Bg7 $6 (7... Bg4 $2 8. Bc4 $16 {/\ 9.Ne5,9.Bf7,9.Qb3.
}) (7... h6 $5 8. Ne5 (8. Bc4 Bg7 9. d4 Nc6 $10) 8... Bg7 9. Bb5+ Nd7 $10) (
7... h5 $5) 8. h5 Nc6 9. Bc4 a6 10. d4 e5 $2 (10... b5 $5 11. Bd3 (11. Ng5 $2
bxc4 12. Qf3 f6 13. Qxc6+ Bd7 $19) (11. Bxf7+ $2 Kxf7 12. Ng5+ Kg8 13. Qf3 Qe8
$19) 11... Bb7 $14) 11. hxg6 hxg6 12. Rxh8+ Bxh8 13. Qb3 $16 Qe7 (13... Na5 $2
14. Bxf7+ Kf8 15. Qd5 $18) 14. Ba3 $1 exd4 15. cxd4 Nxd4 16. Nxd4 Bxd4 17. Rd1
{/\ 18.Rd4} Bf6 18. Qb6 Qe5 $2 (18... Be6 $142 19. Bxe6 (19. Bxc5 $2 Bc3+ $19)
19... Qxe6 20. Qxb7 Rd8 $16) 19. Bb2 $3 Qxb2 20. Rd8+ Bxd8 (20... Ke7 21. Qd6#)
21. Qxb2 b5 (21... Bc7 22. Qg7 $18) 22. Qe5+ (22. Qe5+ Be7 23. Qd5 $18) 1-0

[Event "Zonal Lvov"]
[Site "Lvov"]
[Date "1978.??.??"]
[Round "1"]
[White "Balashov, Yuri S"]
[Black "Dorfman, Josif D"]
[Result "1-0"]
[WhiteElo "2590"]
[BlackElo "2550"]
[Annotator "Moiseev,V"]
[PlyCount "49"]
[EventDate "1978.04.??"]
[EventType "tourn"]
[EventRounds "15"]
[EventCountry "URS"]
[EventCategory "13"]
[SourceTitle "MCL"]
[Source "ChessBase"]
[SourceDate "1999.07.01"]
[SourceVersion "1"]
[SourceVersionDate "1999.07.01"]
[SourceQuality "1"]

1. c4 Nf6 2. Nc3 c5 3. Nf3 d5 4. cxd5 Nxd5 5. d4 Nxc3 6. bxc3 g6 7. e3 Bg7 8.
Bd3 O-O 9. O-O Qa5 $6 (9... Nc6 10. Ba3 b6 11. Be4 Bb7 12. dxc5 Qc7 13. Qc2
Rfc8 14. Rab1 Na5 15. cxb6 $5 (15. c4 Rab8 16. Rfc1 bxc5 17. Ng5 e6 18. Bxb7
Nxb7 $10 {Tal,M-Miles,A/Bugojno/1978/}) 15... axb6 16. Bxb7 Qxb7 17. Bb4 Nc4
18. a4 $14 {Spassov,L-Vadasz,L/Subotica/1978/1/2-1/2/}) (9... Qc7 10. Rb1 (10.
Qe2 Rd8 11. Rb1 b6 12. Rd1 $5 $14 {Ribli,Z-Tal,M/Reykjavik/1988/0:1/29/}) 10...
b6 {N} (10... Rd8) (10... Nd7) 11. Qe2 Rd8 12. Be4 Ba6 $1 13. c4 Nc6 14. d5 f5
15. Bd3 e5 $1 16. e4 Nd4 17. Nxd4 cxd4 18. Bg5 Rf8 19. Rfc1 Rac8 (19... f4 20.
c5 $5 $13 {Karpov,A,Zaitsev,I}) 20. Bd2 Rf7 21. a4 fxe4 $6 (21... f4 $132 {
Karpov,An,Zaitsev,I}) 22. Qxe4 $14 {Karpov,A-Kasparov,G/Sevilla(m/23)/1977/1:0/
57}) 10. Bb2 cxd4 $6 (10... Bg4 11. h3 Bxf3 12. Qxf3 Qc7 (12... Nd7 $6 13. Qxb7
Rab8 14. Qxd7 Rxb2 15. Rac1 $16) 13. Be4 (13. e4 e5) 13... Nd7 $1 14. Ba3 Rab8
$14) 11. cxd4 Nc6 12. Nd2 $1 Bf5 (12... e5 13. Nb3 Qc7 14. d5 Rd8 15. e4 $16)
13. Nb3 Qd5 14. Ba3 Rfc8 15. Rc1 Bxd3 (15... b6 16. Ba6 Rc7 17. f3 $16) 16.
Qxd3 e6 17. Rfd1 Na5 $6 (17... b6 $142 18. Qa6 Qd7 {Dorfman,Plisecky/}) 18. e4
$16 Qh5 (18... Qd8 19. d5 Nxb3 20. Qxb3 $16) 19. d5 Nc4 (19... Rxc1 20. Rxc1
Nxb3 21. Qxb3 exd5 22. Qxb7 Rd8 23. exd5 $18) 20. dxe6 $1 $18 Nxa3 21. Rxc8+
Rxc8 22. Qd7 Rb8 23. Qxf7+ Kh8 24. Rd7 Be5 25. g3 (25. g3 Qh3 26. e7 $18) 1-0

[Event "EU-ch 16th"]
[Site "Jerusalem"]
[Date "2015.03.05"]
[Round "9"]
[White "Navara, David"]
[Black "Nepomniachtchi, Ian"]
[Result "1-0"]
[WhiteElo "2735"]
[BlackElo "2714"]
[Annotator "Mokal,P"]
[PlyCount "105"]
[EventDate "2015.02.24"]
[EventType "swiss"]
[EventRounds "11"]
[EventCountry "ISR"]
[SourceTitle "CBM 166"]
[Source "ChessBase"]
[SourceDate "2015.05.11"]
[SourceVersion "1"]
[SourceVersionDate "2015.05.11"]
[SourceQuality "1"]

{Before this crucial encounter, Nepominiachtchi, the winner of the 2007
edition of the European Championship was leading the tournament with 6.5/9.
The question on everybody's mind was whether anyone can change the trend of
the European Championships and win it for the second time. Since its inception
in year 2000 nobody has won the title twice. This game in some way answered
the question for 2015 at least.} 1. Nf3 Nf6 2. c4 c5 3. Nc3 d5 4. cxd5 Nxd5 5.
e3 {A calm approach, but definitely not passive. Some sort of a waiting
strategy often used by Karpov.} Nxc3 6. bxc3 Qc7 (6... g6 7. d4 {has been seen
quite often.}) 7. Bb2 $5 {[%cal Gc3c4] A new move with a simple and nice logic.
Black is slow in playing ...g6, so White creates further problems for him. Now
Black would have to make ugly moves if he still wanted to play...g6.} (7. d4 g6
8. Bb5+ (8. Be2 Bg7 9. O-O O-O 10. e4 Rd8 11. Rb1 b6 12. Bg5 Bb7 13. Qd3 Nc6
14. d5 Ne5 15. Nxe5 Qxe5 $11 {Black was doing fine in this Grünfeld type
position in Potkin vs Salgado Lopez, Dubai UAE 2014.}) 8... Bd7 9. a4 Bg7 10.
O-O O-O 11. Ba3 b6 12. dxc5 bxc5 13. Qd5 {White's slight initiative was later
neutralised by Anish Giri in Carlsen vs Giri, Stavanger NOR 2014}) 7... Nd7 {
[%cal Gc5c4]} (7... g6 8. c4 f6 {and Black's position is not that attractive.})
(7... c4 $2 8. Qa4+ $18 {[%csl Rc4]}) 8. Qb3 {Another subtle move.} (8. c4 e5
$5 {[%cal Gf8d6] is pretty solid for Black.}) 8... e6 (8... e5 $2 9. Ng5 $1 Nb6
(9... Nb8 10. Bc4 $18) 10. Bb5+ $18) 9. c4 b6 (9... e5 $5 {[%cal Gf8d6] Trying
to develop the >> first, even at the cost of a tempo.}) 10. a4 {[%csl Ra7,Rb6,
Gc4,Rc5][%cal Ga4a5] Typical pawn play against the a7-b6-c5 chain.} Bb7 11. a5
f6 (11... bxa5 12. Bc3 $14 {[%csl Ra5,Ra7] is a typical advantage achieved
after breaking the pawn chain.}) 12. Bd3 Bd6 (12... Bxf3 $6 13. gxf3 $16 {
[%csl Gb2,Rb6,Gd3][%cal Gg1g8,Ga1a8,Ge4a8] ^^ gives White too much in return
for the supposedly spoilt pawn structure.}) 13. Qc2 $1 {[%csl Ge4,Rh7][%cal
Gd3h7,Ge4a8] Navara senses the initiative and gives the Q a more appropriate
task. Black now has an unpleasant choice as to which weakness he will be ready
to accept. If he plays ...h6 or ...h5 it weakens the g6-square. If ...f5 then
the e6-P.} f5 {[%csl Re6]} 14. Ng5 $1 (14. Bxg7 $6 Rg8 15. Bc3 (15. Qc3 e5 $15)
15... Rxg2 $132) 14... Nf8 (14... Ke7 15. Bxf5 $5 (15. f4 $14) 15... exf5 16.
Qxf5 $40 {[%csl Re7,Rg7]}) 15. f4 h6 (15... Bxg2 16. Rg1 Bc6 17. axb6 Qxb6 (
17... axb6 18. Rxa8+ Bxa8 19. Nf7 Qxf7 20. Rxg7 Qh5 21. Qa4+ $18) 18. Bxg7 Rg8
19. Bxf8 Bxf8 20. Ke2 $16 {[%cal Gd3f5,Gg5h7,Gg5e6]}) 16. Nf3 Ng6 (16... Bxf3
17. gxf3 bxa5 (17... Rg8 18. axb6 Qxb6 19. Bc3 $16 {[%cal Gh1g1]}) 18. Bc3 $16)
17. h4 $1 {[%csl Rg6,Rg7][%cal Gh4h5,Gb2g7]} O-O-O (17... h5 $2 18. Ng5 Nf8 19.
axb6 axb6 20. Rxa8+ Bxa8 21. Bxg7 Qxg7 22. Qa4+ $18) 18. axb6 axb6 19. Bxf5 {
The beginning of an interesting tactical skirmish!} Nxf4 $1 (19... exf5 $2 20.
Qxf5+ Qd7 21. Qxg6 Bxf4 22. exf4 Bxf3 23. gxf3 Qxd2+ 24. Kf1 {[%cal Gg6c6]} Rd6
25. Qe4 $18) 20. Be4 $1 (20. exf4 $6 exf5 21. Qxf5+ Kb8 $132 {[%csl Re1,Rf4]
[%cal Gb7f3,Gd6f4,Gh8f8]} 22. O-O (22. Ne5 Bxg2 23. Rg1 Bb7 24. Rxg7 $18 {
[%cal Ge5d7]}) 22... Rhf8 23. Qg6 Rxf4 $132) 20... Bxe4 (20... Nxg2+ $2 21. Kf2
$18 {[%csl Rg2]}) 21. Qxe4 Nd3+ 22. Ke2 (22. Qxd3 $4 Bg3+ $19) 22... Nxb2 23.
Rhb1 $1 Rhe8 (23... Nxc4 24. Qxe6+ Kb8 25. Qxc4 Qc6 26. d4 $18) (23... Nd3 24.
Qxe6+ Kb8 25. Kxd3 $16) 24. Rxb2 $16 {[%csl Ga1,Gb2,Rc7,Rc8,Rd6,Rd8,Ge2,Ge4,
Re8,Gf3] Finally the dust settles down. With a safer king, better placed major
pieces and a better quality minor piece, White clearly stands better.} Qb7 25.
Qb1 $1 {The perfect place for the queen. It feels like pieces of a puzzle
fitting together. There is such harmony in White's army. Yes, sometimes chess
can be like music!} Bc7 26. Rba2 Bb8 27. Ra8 Rd6 (27... e5 28. R1a7 Qxa7 29.
Rxa7 Bxa7 30. Qf5+ Kb7 31. Nxe5 $18) 28. R1a7 {This is good for White but
there was something better available.} ({White could have kept his trump card
in his pocket for now and gained further ground with} 28. Qg6 $1 {[%cal Gg6e8,
Gg6g2,Gg6g7] Since Black is almost in zugzwang, there was enough ground to
improve the position as much as possible before going for the key strike.} Red8
(28... Re7 29. Ne5 $18 {[%cal Ga1a7] This is the point. Now R1a7 will come
with a more devastating effect.}) 29. R1a7 Qxa7 30. Rxa7 Bxa7 31. Qxg7 $18)
28... Qxa7 (28... Qc6 29. Qg6 Red8 {[%cal Gd6d2]} 30. Ke1 {[%cal Gf3e5]} Qe8 (
30... R6d7 31. Ne5 $18) 31. Qxg7 R8d7 32. Qa1 $1 $18) 29. Rxa7 Bxa7 30. Ne5 {
[%csl Ra7,Rc8,Rd6,Re8] In positions with such material imbalance, the level of
coordination of the pieces usually determines the evaluation. Therefore White
is better placed here. Also the age-old wisdom of the efficiency of Q+N
combination works in his favour, especially with the N so dominant, the black
K exposed, and weaknesses in Black's pawn structure.} Red8 {[%cal Gd6d2]} 31.
d3 (31. d4 $5 cxd4 32. Nf7 dxe3 33. Nxd6+ Rxd6 34. Qe4 $16 {is also winning
but White will have to keep a lookout for fortresses.}) 31... Rf8 32. g4 $1 {
[%cal Gb1h1,Gh1a8] A beautiful move! Make way for the queen!} Bb8 33. Qh1 h5
34. gxh5 Rf5 35. Ng6 ({A stronger move was} 35. Qe4 Rxh5 (35... Rd8 36. Qc6+
Bc7 37. Qxe6+ $18) (35... Rf6 36. Qg2 $18 {[%csl Rg7]}) 36. Nf7 Rd7 37. Qc6+
Bc7 38. Qxe6 Rxh4 39. Qe8+ Bd8 40. Nxd8 Rxd8 41. Qc6+ Kb8 42. Qxb6+ Kc8 43.
Qxc5+ $18) 35... Rf7 (35... Rxh5 36. Qf3 Rh6 (36... Rf5 37. Ne7+ $18) 37. Qf8+
Rd8 38. Ne7+ Kd7 39. Qxg7 $18) 36. Qe4 {[%cal Ge4b1,Gb1h1,Gh1e4]} Rf6 37. Ne7+
(37. Qg2 $5 {[%csl Rg7][%cal Gg6e5,Gg6e7]} Rf7 (37... Kc7 38. Ne5 $18 {[%csl
Rg7]}) 38. Ne5 Re7 39. Qg6 {[%cal Gg6e4,Gg6h7]} Kb7 (39... Bc7 40. Qe4 Bb8 41.
Qh7 $18 {[%cal Gh7g8,Gh5h6]}) 40. Qe4+ Ka7 41. Nc6+ Rxc6 42. Qxc6 $18 {Black
has too many weaknesses. Any attempted fortress will be comfortably broken.})
37... Kc7 38. Qh7 Rf7 $1 39. Ng6 (39. h6 $2 Rxe7 40. hxg7 Rdd7 $19) 39... e5
40. Nxe5 Re7 41. Ng6 Red7 42. Nf4 $2 {A spot on the Sun. A regrettable move,
not just for Navara but also for the audience of this wonderful game.
Fortunately for both, and unfortunately for Nepomniachtchi, he missed the
opportunity and maintained the status quo.} (42. e4 $142 Kb7 (42... Rxd3 43.
Ne5 Rd2+ 44. Ke3 $18 {[%cal Gh7g7]}) 43. Nf8 Re7 (43... Rf7 44. e5 Rd4 45. e6
$1 $18) 44. Qf5 $18) 42... Kb7 $2 (42... g5 $142 43. Nd5+ Rxd5 44. Qe4 Rxd3 45.
hxg5 $13) 43. Qf5 Bc7 44. e4 b5 45. Nd5 bxc4 46. dxc4 Rd8 47. e5 Re8 48. Nxc7
$1 {The simplest way to finish the game.} Kxc7 49. Qf7+ Kd8 50. Qxe8+ Kxe8 51.
exd6 Kd7 52. Kf3 Kxd6 53. Kf4 {A beautiful positional game by Navara.} 1-0

[Event "Candidates Tournament"]
[Site "Kazan"]
[Date "2011.05.13"]
[Round "2.2"]
[White "Kramnik, Vladimir"]
[Black "Grischuk, Alexander"]
[Result "1/2-1/2"]
[WhiteElo "2785"]
[BlackElo "2747"]
[Annotator "Moradiabadi,E"]
[PlyCount "112"]
[EventDate "2011.05.05"]
[EventType "k.o."]
[EventRounds "3"]
[EventCountry "RUS"]
[SourceTitle "CBM 143"]
[Source "ChessBase"]
[SourceDate "2011.07.15"]
[SourceVersion "1"]
[SourceVersionDate "2011.07.15"]
[SourceQuality "1"]

{After the disappointing prelude to this match, Kramnik decided to show us
some brief flashes of fantastic technique. Nevertheless, it should be
mentioned that Grischuk managed to cope with the "flashes" perfectly!} 1. Nf3
c5 2. c4 Nc6 3. Nc3 {No surprise. Kramnik has used this set up during his
career from time to time.} e5 4. e3 Nf6 5. d4 {But this is a real surprise.
After clearing the dust collected in my brain I managed to remember some terms
describing this line: like "arid". Kramnik does not like the idea and he
proved (at least to me) that this term is not applicable to this line anymore.}
cxd4 6. exd4 e4 7. Ne5 Bd6 {An odd choice by Grischuk.} (7... Bb4 8. Be2 Qa5 9.
Nxc6 dxc6 10. Bd2 O-O 11. O-O {is probably what Kramnik was expecting.}) 8. c5
Bb8 (8... Nxe5 $2 {would be a terrible blunder.} 9. cxd6 $1 Ng6 10. h4 $1 {
Black cannot develop his pieces anymore, and it is no wonder the game ended
just five moves later!} Qa5 11. h5 Nf8 12. d5 a6 13. Qd4 h6 14. b4 Qd8 15. Qe5+
{1-0 Shengelia,D (2567)-Grover,S (2434)/Dubai 2010/CBM 135 Extra}) 9. Nc4 d5
10. cxd6 O-O 11. Bf4 $5 $146 {A logical novelty which the silicon mind favours
a lot.} (11. d5 Na5 12. Nxa5 Qxa5 13. Bg5 Bxd6 {and Black seized the
initiative in Lida Garcia,F (2049)-Pierrot,J (2450)/Mar del Plata 2008/CBM 123
Extra (31)}) 11... Na5 12. Ne3 Bxd6 13. Bxd6 Qxd6 14. d5 {White is now
slightly better thanks to his strong knight on e3. The manoeuvre this knight
used was first introduced by Nimzowitsch... Something in the style of "His
System"!} Qe5 15. Be2 Rd8 16. Qd2 Nc6 17. Rd1 Ne7 18. Qd4 Qxd4 19. Rxd4 {
Kramnik masterfully reaches a slightly better ending.} Nf5 20. Nxf5 Bxf5 21.
Kd2 Ne8 22. g4 Bg6 23. Rc1 {Kramnik brings all his troops to the centre of the
battle. On the other hand, Grischuk is depending a lot on his d6 outpost.} Rac8
{This move loses a pawn. Was it deliberate or did Grischuk just miss it?} 24.
Nxe4 $1 Rxc1 25. Kxc1 Bxe4 26. Rxe4 Kf8 27. Ra4 a6 28. Rb4 Nd6 29. Kd2 {
White is a healthy pawn up but Black's superb knight gives him excellent
chances to hold.} h6 30. Bd3 Ke7 31. Ke3 Kd7 32. f3 Re8+ 33. Be4 g6 34. Kd4 Rc8
35. h4 Rc1 {Grischuk activates his rook. It is hard to suggest a specific way
for White to break through.} 36. Ke5 Ke7 37. g5 hxg5 38. hxg5 Rg1 39. Kf4 f6
40. Bxg6 Rxg5 41. Be4 Rg2 {Grischuk opens up the position himself but his
active pieces compensate for White's material superiority.} 42. a4 a5 43. Rb3
Kd8 44. Ke3 Rh2 45. Kf4 Rg2 46. Bb1 Rd2 47. Bd3 Rg2 48. Ke3 Rh2 $1 {Grischuk
is already preparing his shot on move 51.} 49. Kd4 Rh4+ 50. Kc5 Kc7 51. Rb6
Rxa4 $1 {A spectacular way to conclude the game.} 52. b3 ({The idea is that
after} 52. Rxd6 {he plays} Rb4 $1 {threatening b6+ which would force White to
give up the rook to save the mate, so the only move would be} 53. Bb5 ({Ex:} 
53. Rxf6 b6+ {and White must take on b6 with the rook.}) 53... Rxb5+ $1 54.
Kxb5 Kxd6 {and the pawn endgame is drawn.} 55. Kxa5 Kxd5 56. Kb6 Ke5 (56... Kc4
) 57. b4 Kf4 58. Kxb7 Kxf3 59. b5 f5 60. b6 f4 61. Kc7 Kg2 62. b7 f3 63. b8=Q
f2 {draw.}) 52... Rb4 53. Rxb4 axb4 54. Kxb4 b6 {Black locks the door to the
fortress. The king's only entry is via h5, which is easy to prevent, and the
white bishop has no targets. Now it is a dead draw.} 55. Kc3 Kd8 56. Kd4 Ke7 {
Great resistance by Grischuk!} 1/2-1/2

[Event "EU-ch 18th"]
[Site "Minsk"]
[Date "2017.05.30"]
[Round "1"]
[White "Shimanov, Aleksandr"]
[Black "Ofitserian, Boris"]
[Result "1-0"]
[WhiteElo "2642"]
[BlackElo "2391"]
[Annotator "Moradiabadi,E"]
[PlyCount "39"]
[EventDate "2017.05.30"]
[EventType "swiss"]
[EventRounds "11"]
[EventCountry "BLR"]
[SourceTitle "CBM 179"]
[Source "ChessBase"]
[SourceDate "2017.07.12"]
[SourceVersion "1"]
[SourceVersionDate "2017.07.12"]
[SourceQuality "1"]

1. Nf3 Nf6 2. c4 c5 3. Nc3 d5 4. cxd5 Nxd5 5. e3 Nc6 6. Bb5 Nxc3 7. bxc3 Bd7 8.
Rb1 a6 9. Be2 Rb8 10. d4 Bf5 11. Bd3 Bxd3 12. Qxd3 e6 13. O-O Be7 14. e4 O-O
15. d5 Bd6 16. c4 Re8 17. Rd1 exd5 18. cxd5 Nb4 19. Qe2 {Black is in some
trouble here. White's centre is extremely strong and Black's knight is
awkwardly placed on b4. In a desperate situation Black went for what seems
like a cunning move at first sight.} Nxd5 {But after the obvious} 20. Rxd5 {
Black resigned. Why?} (20. Rxd5 Bxh2+ {Black had probably only considered the
capture on h2 but White can simply go for} 21. Kf1 Qxd5 22. exd5 Rxe2 23. Kxe2
{and White is up a piece in a completely winning endgame.}) 1-0

[Event "EU-ch 5th"]
[Site "Antalya"]
[Date "2004.05.22"]
[Round "7"]
[White "Agrest, Evgenij"]
[Black "Parligras, Mircea Emilian"]
[Result "1/2-1/2"]
[WhiteElo "2601"]
[BlackElo "2549"]
[Annotator "Mueller,Karsten"]
[PlyCount "153"]
[EventDate "2004.05.15"]
[EventType "swiss"]
[EventRounds "13"]
[EventCountry "TUR"]
[SourceTitle "CBM 101"]
[Source "ChessBase"]
[SourceDate "2004.07.27"]
[SourceVersion "1"]
[SourceVersionDate "2004.07.27"]
[SourceQuality "1"]

1. Nf3 Nf6 2. c4 c5 3. Nc3 d5 4. cxd5 Nxd5 5. d4 cxd4 6. Qxd4 Nxc3 7. Qxc3 Nc6
8. e4 e6 9. Bb5 Bd7 10. O-O Qb6 11. a4 Qc5 12. Bd2 Qxc3 13. Bxc3 f6 14. Nd2 a6
15. Be2 Bc5 16. Nb3 Ba7 17. Rfd1 Ke7 18. Rd3 Rhd8 19. Rh3 h6 20. Rg3 Kf8 21.
Kf1 Be8 22. Na5 Nxa5 23. Bb4+ Kg8 24. Bxa5 Rd7 25. Rc1 Bd4 26. Rb3 b5 27. axb5
axb5 28. Be1 Rb7 29. e5 Rbb8 30. exf6 Bxf6 31. Bc3 b4 32. Bxf6 gxf6 33. Bc4 Bf7
34. Rf3 Kg7 35. Re1 Rb6 36. Rd3 Ra7 37. f4 Rc7 38. Bb3 e5 39. Rg3+ Kf8 40. fxe5
fxe5 41. Rf3 Rb5 42. Re4 Kg7 43. Rg4+ Bg6 44. h4 Kh7 45. Rf6 Bd3+ 46. Kf2 Rg7
47. Rxg7+ Kxg7 48. Rf7+ Kg6 49. Rd7 Bf5 50. Rd6+ Kg7 51. Rc6 Rb7 52. Ke3 Rd7
53. Bc4 Rd1 54. Rc7+ Kf6 55. Rf7+ Kg6 56. Rb7 Rd4 57. Rxb4 Rxh4 58. Bf7+ Kg5
59. Rxh4 Kxh4 60. Kf2 Be4 61. b4 Kg5 62. b5 Kf6 63. Bh5 Bd5 64. g3 Ke6 65. Ke3
Kd6 66. Bf3 Bxf3 $1 {This exchange needs to be accurately calculated.  diese
Abwicklung will wohl berechnet sein.} 67. Kxf3 Kc5 $1 68. Ke4 Kxb5 69. Kxe5 {
[%tqu "En","Black has only one move which holds the draw...","","","b5c4","",5,
"b5c5","",0,"De","Schwarz hat nur einen Zug, der remis hält...","","","b5c4",
"",5,"b5c5","",0]} Kc4 $1 (69... Kc5 $2 70. g4 $18 {[%cal Ge5f6,Gf6h6]}) 70.
Ke4 Kc5 71. g4 Kd6 72. Kf5 {[%tqu "En","Black to play and draw.","","","h6h5",
"",2,"De","Schwarz zieht und hält remis","","","h6h5","",2]} h5 $1 73. gxh5 (
73. g5 h4 74. g6 Ke7 $11) 73... Ke7 74. Kg6 Kf8 75. h6 Kg8 76. h7+ Kh8 77. Kh6
1/2-1/2